Taylor Swift Title in The Lyrics Part 1 - Statistics

General Stats
  • This quiz has been taken 506 times
  • The average score is 34 of 64
Answer Stats
Hint Answer % Correct
I don't know about you, but I'm feeling -- 22
93%
Can I ask you a --------…? Question…?
93%
He was sunshine, I was -------- ---- Midnight Rain
91%
But loving him was --- Red
83%
It's a ---- ----- baby, just say yes Love Story
82%
You're so in love that that you act insane, and that's --- --- - ----- --- The Way I Loved You
76%
Life was a ------ and it bent right to your wind Willow
73%
They say - --- --------- ---, then why's it feel so good? I Did Something Bad
72%
Saying goodbye is ----- -- - -------- ---- Death By A Thousand Cuts
71%
No, nothing good starts in a ------- --- Getaway Car
71%
It would've been fun if you could've been --- - The 1
71%
-- --- ----- ---- ever ------- ---- -------- We Are Never Ever Getting Back Together
70%
'Cause I, - ---- ------ we can hide I Know Places
68%
And --- ----- -- -- looks a lot like a tragedy now The Story Of Us
68%
It's a first kiss, it's flawless, really something, it's -------- Fearless
67%
My house of stone, your --- grows, and now I'm covered in you Ivy
67%
It's you and me, there's nothing like this, ---- --------- --- --- ---------- ------ Miss Americana & The Heartbreak Prince
67%
When you think --- ------ I hope you think of me Tim McGraw
67%
---- ---- the walls we crashed through Long Live
65%
-----, I know where it all wrong, your favourite song was playing from the far side of the gym Betty
61%
My hand was the one you reached for all throughout --- ----- --- The Great War
61%
I go ---- -- -------- all the time Back To December
60%
I had a feeling so peculiar that this pain wouldn't be for-------- Evermore
60%
I reach my peak at ----- feet in the swing over the creek Seven
60%
---- ----, I see it all now that you're gone Dear John
59%
Come back, come back, come back to me, like you would, you would -- --- - ----- If This Was A Movie
59%
You're just another ------- -- ---- Picture To Burn
59%
It's coming down, no sound, it's all around, like ---- -- --- ----- Snow On The Beach
59%
These hands had to let it go free, and ---- ---- came back to me This Love
59%
And in the end, in ----------, we both went mad Wonderland
58%
- ---- --- ---- ------- when you walked in I Knew You Were Trouble
56%
-- ---- -- ----- but I ain't letting up until the day I die No Body, No Crime
56%
There is nothing I do ------ ---- ------- Better Than Revenge
55%
I didn't who I was supposed to be, at ------- Fifteen
55%
I feel the -------- ---- creeping up on me Lavender Haze
55%
I know I'm gonna be with you, so I take my time, are you ----- --- --? … Ready For It?
55%
I wanna be your --- ---- End Game
54%
I'm the one he's walking to, so ---- -- ---- --- ---- Call It What You Want
53%
Baby, we're the --- ---------, come on, come along with me New Romantics
52%
Looked up at the sky and it was ------ Maroon
51%
This slope is ----------- Treacherous
51%
--- ---- is the way you laugh Our Song
48%
Right there where we stood was ---- ------ Holy Ground
47%
It turned out I'm harder to forget than I was to leave, and yeah - --- --- ----- ----- -- I Bet You Think About Me
47%
Will you still want me when I'm ------- ---? Nothing New
47%
And don't you leave 'cause I know all I need is on --- ----- ---- -- --- ---- The Other Side Of The Door
45%
You gotta step into the -------- and let it go Daylight
43%
Like we're made of ---------, --------- Starlight
42%
And they'll tell you now you're --- ----- --- The Lucky One
41%
I'm on my --------- ---- again Vigilante S**t
41%
Takes one to know one, you're a ------ ---- -- Cowboy Like Me
36%
I don't believe you, baby, like I did before, ----- --- ----- You're Not Sorry
33%
Look at how -- ----- -------- My Tears Ricochet
32%
Our mamas smiled, and rolled their eyes, and said, -- -- -- -- Oh My My My
32%
Don't be afraid, please ---- ---- ----, ---- ---- ---- into me Jump Then Fall
31%
---- --- ----- can run, so run Only The Young
31%
It's a ----- ------ with you Cruel Summer
30%
- ---- ----- ---- ------- 'cause I know I'll keep calling your name I Don't Wanna Live Forever
27%
I got an - ----- - written on the back of my hand I Heart ?
26%
You were gonna marry me, and -- ---- ----- We Were Happy
22%
-------- knows why for years they've said that I was guilty as sin and sleep in a liar's bed Carolina
21%
In my heart is a --------- ---- ---- Christmas Tree Farm
20%
Here's something you should know that is for sure, --------- ---- -- --------- ---- Christmas Must Be Something More
15%
I know this shouldn't be a lonely time, but there were ----------- ---- --- ---- ---- Christmases When You Were Mine
14%
No matching quizzes found
Score Distribution
Percent of People with Each Score
Percentile by Number Answered
Your Score History
You have not taken this quiz